Statistiques concernant Formes longues des noms de tous les pays

Cliquez ici pour prendre le quiz!

Statistiques générales

  • Ce quiz a été pris 160 fois
    (74 depuis la dernière actualisation)
  • Le résultat moyen est 44 sur 193

Statistiques - réponses

Forme CourteForme Longue% Correct
FranceRépublique française
76%
Congo (Kinshasa)République Démocratique du Congo
56%
BelgiqueRoyaume de Belgique
49%
AllemagneRépublique fédérale d'Allemagne
46%
ChineRépublique Populaire de Chine
46%
États-UnisÉtats-Unis d'Amérique
44%
AndorrePrincipauté d'Andorre
44%
AlbanieRépublique d'Albanie
44%
Congo (Brazzaville)République du Congo
44%
Arabie SaouditeRoyaume d'Arabie saoudite
44%
EspagneRoyaume d'Espagne
44%
MonacoPrincipauté de Monaco
41%
Afrique du SudRépublique d'Afrique du Sud
41%
DanemarkRoyaume du Danemark
41%
AutricheRépublique d'Autriche
39%
Corée du SudRépublique de Corée
39%
SuèdeRoyaume de Suède
39%
Émirats Arabes UnisÉmirats Arabes Unis
37%
AngolaRépublique d'Angola
37%
MarocRoyaume du Maroc
37%
République centrafricaineRépublique centrafricaine
34%
ArménieRépublique d'Arménie
34%
CroatieRépublique de Croatie
34%
PologneRépublique de Pologne
34%
NorvègeRoyaume de Norvège
34%
Pays-BasRoyaume des Pays-Bas
34%
CanadaCanada
32%
IrlandeIrlande
32%
BulgarieRépublique de Bulgarie
32%
FinlandeRépublique de Finlande
32%
République DominicaineRépublique Dominicaine
32%
ChiliRépublique du Chili
32%
PérouRépublique du Pérou
32%
AustralieCommonwealth d'Australie
29%
RussieFédération de Russie
29%
AzerbaïdjanRépublique d'Azerbaïdjan
29%
ColombieRépublique de Colombie
29%
CubaRépublique de Cuba
29%
LituanieRépublique de Lituanie
29%
EstonieRépublique d'Estonie
29%
BéninRépublique du Bénin
29%
CamerounRépublique du Cameroun
29%
NigerRépublique du Niger
29%
PanamaRépublique du Panama
29%
MacédoineEx-République yougoslave de Macédoine
27%
ArgentineRépublique argentine
27%
ChypreRépublique de Chypre
27%
Côte d'IvoireRépublique de Côte d'Ivoire
27%
DjiboutiRépublique de Djibouti
27%
ÉquateurRépublique de l'Équateur
27%
LettonieRépublique de Lettonie
27%
BurundiRépublique du Burundi
27%
Costa RicaRépublique du Costa Rica
27%
MaliRépublique du Mali
27%
ParaguayRépublique du Paraguay
27%
SalvadorRépublique du Salvador
27%
AfghanistanRépublique islamique d'Afghanistan
27%
TchéquieRépublique tchèque
27%
BhoutanRoyaume du Bhoutan
27%
Royaume-UniRoyaume-Uni de Grande-Bretagne et d'Irlande du Nord
27%
SuisseConfédération suisse
24%
MicronésieÉtats fédérés de Micronésie
24%
MexiqueÉtats-Unis mexicains
24%
LuxembourgGrand-Duché de Luxembourg
24%
HongrieHongrie
24%
LiechtensteinPrincipauté du Liechtenstein
24%
MadagascarRépublique de Madagascar
24%
MalteRépublique de Malte
24%
MoldavieRépublique de Moldova
24%
Saint-MarinRépublique de Saint-Marin
24%
SerbieRépublique de Serbie
24%
SlovénieRépublique de Slovénie
24%
PhilippinesRépublique des Philippines
24%
OuzbékistanRépublique d'Ouzbékistan
24%
BotswanaRépublique du Botswana
24%
Burkina FasoRépublique du Burkina
24%
Cap-VertRépublique du Cap-Vert
24%
GuatemalaRépublique du Guatemala
24%
LibériaRépublique du Libéria
24%
MozambiqueRépublique du Mozambique
24%
RwandaRépublique du Rwanda
24%
SénégalRépublique du Sénégal
24%
SoudanRépublique du Soudan
24%
Soudan du SudRépublique du Soudan du Sud
24%
TadjikistanRépublique du Tadjikistan
24%
TurkménistanRépublique du Turkménistan
24%
TunisieRépublique tunisienne
24%
ThaïlandeRoyaume de Thaïlande
24%
CambodgeRoyaume du Cambodge
24%
OmanSultanat d'Oman
24%
BahamasCommonwealth des Bahamas
22%
GéorgieRépublique de Géorgie
22%
MauriceRépublique de Maurice
22%
NamibieRépublique de Namibie
22%
FidjiRépublique des Fidji
22%
SingapourRépublique de Singapour
22%
TurquieRépublique de Turquie
22%
IndonésieRépublique d'Indonésie
22%
MalawiRépublique du Malawi
22%
MonténégroRépublique du Monténégro
22%
NicaraguaRépublique du Nicaragua
22%
SurinameRépublique du Suriname
22%
PortugalRépublique portugaise
22%
BahreïnRoyaume de Bahreïn
22%
Antigua-et-BarbudaAntigua-et-Barbuda
20%
BarbadeBarbade
20%
BelizeBelize
20%
Bosnie-HerzégovineBosnie-Herzégovine
20%
DominiqueCommonwealth de Dominique
20%
JaponÉtat du Japon
20%
TaÏwanRépublique de Chine
20%
GambieRépublique de Gambie
20%
NauruRépublique de Nauru
20%
MaldivesRépublique des Maldives
20%
SeychellesRépublique des Seychelles
20%
ZambieRépublique de Zambie
20%
IslandeRépublique d'Islande
20%
OugandaRépublique d'Ouganda
20%
GhanaRépublique du Ghana
20%
HondurasRépublique du Honduras
20%
KenyaRépublique du Kenya
20%
TchadRépublique du Tchad
20%
YémenRépublique du Yémen
20%
ZimbabweRépublique du Zimbabwe
20%
NépalRépublique fédérale démocratique du Népal
20%
ItalieRépublique italienne
20%
VaticanÉtat de la Cité du Vatican
17%
BolivieÉtat plurinational de Bolivie
17%
MongolieMongolie
17%
Nouvelle-ZélandeNouvelle-Zélande
17%
ÉgypteRépublique arabe d'Égypte
17%
GuinéeRépublique de Guinée
17%
Guinée-BissauRépublique de Guinée-Bissau
17%
Sierra LeoneRépublique de Sierra Leone
17%
Îles MarshallRépublique des Îles Marshall
17%
PalaosRépublique des Palaos
17%
VanuatuRépublique de Vanuatu
17%
BrésilRépublique fédérative du Brésil
17%
Corée du NordRépublique populaire démocratique de Corée
17%
LesothoRoyaume du Lesotho
17%
UkraineUkraine
17%
LibyeÉtat de Libye
15%
MalaisieFédération de Malaisie
15%
AlgérieRépublique algérienne démocratique et populaire
15%
VenezuelaRépublique bolivarienne du Venezuela
15%
KiribatiRépublique de Kiribati
15%
Sao Tomé-et-PrincipeRépublique démocratique de Sao Tomé-et-Principe
15%
Trinité-et-TobagoRépublique de Trinité-et-Tobago
15%
IraqRépublique d'Iraq
15%
KazakhstanRépublique du Kazakhstan
15%
SomalieRépublique fédérale de Somalie
15%
SlovaquieRépublique slovaque
15%
Viêt NamRépublique socialiste du Viêt Nam
15%
RoumanieRoumanie
15%
Sainte-LucieSainte-Lucie
15%
Saint-Vincent-et-les GrenadinesSaint-Vincent-et-les Grenadines
15%
ComoresUnion des Comores
15%
IsraëlÉtat d'Israël
12%
QatarÉtat du Qatar
12%
Papouasie-Nouvelle-GuinéeÉtat indépendant de Papouasie-Nouvelle-Guinée
12%
SamoaÉtat indépendant du Samoa
12%
Saint-Christophe-et-NiévèsFédération de Saint-Christophe-et-Niévès
12%
Îles SalomonÎles Salomon
12%
SyrieRépublique arabe syrienne
12%
MyanmarRépublique de l'Union du Myanmar
12%
Timor-OrientalRépublique démocratique du Timor-Leste
12%
LaosRépublique démocratique populaire lao
12%
HaïtiRépublique d'Haïti
12%
NigériaRépublique fédérale du Nigéria
12%
GrèceRépublique Hellénique
12%
MauritanieRépublique Islamique de Mauritanie
12%
IranRépublique Islamique d'Iran
12%
PakistanRépublique islamique du Pakistan
12%
LibanRépublique libanaise
12%
UruguayRépublique orientale de l'Uruguay
12%
BangladeshRépublique populaire du Bangladesh
12%
Sri LankaRépublique socialiste démocratique de Sri Lanka
12%
TogoRépublique togolaise
12%
TanzanieRépublique-Unie de Tanzanie
12%
TongaRoyaume des Tonga
12%
ÉrythréeÉtat d'Érythrée
10%
TuvaluÉtat des Tuvalu
10%
KoweïtÉtat du Koweït
10%
GrenadeGrenade
10%
JamaïqueJamaïque
10%
GuyanaRépublique coopérative du Guyana
10%
IndeRépublique de l'Inde
10%
ÉthiopieRépublique fédérale démocratique d'Éthiopie
10%
GabonRépublique Gabonaise
10%
KirghizistanRépublique kirghize
10%
JordanieRoyaume hachémite de Jordanie
10%
BruneiSultanat de Brunei Darussalam
10%
EswatiniRoyaume d'Eswatini
7%

Distribution des résultats

Percentile par nombre de réponses

% des personnes avec chaque résultat

Votre développement - résultats

Vous n’avez pas pris ce quiz depuis la dernière actualisation